An outline of chinese acupuncture
Kaydedildi:
| Yazar: | |
|---|---|
| Materyal Türü: | Kitap |
| Dil: | Undetermined |
| Baskı/Yayın Bilgisi: |
Perking
Foreign languages
1975
|
| Konular: | |
| Etiketler: |
Etiketle
Etiket eklenmemiş, İlk siz ekleyin!
|
| Thư viện lưu trữ: | Trung tâm Học liệu Trường Đại học Cần Thơ |
|---|
| LEADER | 00552nam a2200181Ia 4500 | ||
|---|---|---|---|
| 001 | CTU_8171 | ||
| 008 | 210402s9999 xx 000 0 und d | ||
| 082 | |a 615.892 | ||
| 082 | |b A168 | ||
| 100 | |a The Academy of traditional Chinese medicine | ||
| 245 | 3 | |a An outline of chinese acupuncture | |
| 245 | 4 | |c The Academy of traditional Chinese medicine | |
| 260 | |a Perking | ||
| 260 | |b Foreign languages | ||
| 260 | |c 1975 | ||
| 650 | |a acupuncture | ||
| 904 | |i Nguyễn Huỳnh Mai, 960910 | ||
| 980 | |a Trung tâm Học liệu Trường Đại học Cần Thơ | ||